000 01162naa a22003017a 4500
001 BR7900481
003 BR-BrBNA
005 20250714162953.0
007 ta
008 250630b bl.|||m| |||| 00| 0 por d
040 _aBR-BrBNA
_bpor
_cBiblioteca Nacional de Agricultura
041 _a(Pt)
072 _aH20
_b0716
_bG514
090 _aH20 BR7900481
100 1 _aFeliciano, A. (Unidade de Execucao de Pesquisa de Ambito Estadual de Cascata, RS (Brazil))
245 1 _aDoencas de importancia economica na cultura do pessegueiro no sul do Brasil [Prunus persica, podridao parda, bacteriose, gomose]
500 _aFruticultura no Rio Grande do Sul Porto Alegre, RS (Brasil): 1978. p. 51-53 [6 ref.] (BR7900481-AMS)
773 0 _tFruticultura no Rio Grande do Sul
_b
_wH20 BR7900481
_gPorto Alegre, RS (Brasil), 1978. p. 51-53
650 _aDOENCA DE PLANTA
650 _aPESSEGO
650 _aPODRIDAO PARDA
650 _aBACTERIOSE
650 _aGOMOSE
650 _aREGIAO SUL
490 _aBoletim Tecnico - Instituto de Pesquisas Agronomicas (Brazil)
_vno. 2
_xISSN 0100-3062
942 _cAMS
_2AGRIS
909 _a202506
_bLúcia
_c55
_dLúcia Elande
999 _c333194
_d333194